000 01619nam a22002417a 4500
003 DO-SdBNP
005 20240228140800.0
008 210901b 2018 dr 00| 0 eng d
020 _a9789945609912
040 _aDO-SdBNP
_bspa
_cBNPHU
082 4 _222
_aPR861.44
_bS454c
100 1 _a Segarra Báez, Iván,
_d1967-
_979697
245 1 0 _aEl cañaveral /
_cIván Segarra-Báez.
260 _aSanto Domingo :
_bSantuario,
_c2018.
300 _a171 p. :
_c23 cm.
500 _aIncluye datos biográficos del autor en la solapa de la cubierta
505 0 _aI. Primera parte. La costa -- La llegada -- El bastión español -- La hacienda Real -- El ataque de 1625 -- El negro Marcelo -- Bernardino de Manzanedo y los colgados por el torso -- El nacimiento de mi padre -- Fray Bernardo de Balbuena y la quema de la biblioteca -- El ataque de Sir George Clifford -- Segunda parte La venta de esclavos -- La Defensa y don Diego Torres de Vardas -- Los corsarios y el contrabando -- El trabajo y la evangelización -- El origen -- La guerra de la oreja de Jenkins -- La trata de esclavos -- El sueño -- San Zacarías 1713 -- El viento del mar -- Tercera parte. La tierra -- El encuentro -- La Real factoría de San Pablo de Loanda -- Escribo sobre cenizas -- Los cimarrones -- El cabildo de San Juan -- La partida -- La última batalla -- El regreso -- El viaje -- Epílogo. La negra Elena y el gran origen.
590 _aInventariado, 2021 /LP
650 4 _aNovela puertorriqueña
_91185
650 4 _aLiteratura puestorriqueña
_979763
910 _aValidado. Control de calidad MFF
942 _2ddc
_cLBS1
999 _c50370
_d50370